Minecraft Past Life: All Deaths in Order - Statistics

General Stats
  • This quiz has been taken 14 times
  • The average score is 28 of 96
Answer Stats
Session Player Death % Correct
Session 1

GeminiTay

was slain by Etho
100%
Session 1

Grian

died
100%
Session 1

InTheLittleWood

died
100%
Session 2

Smajor1995

was slain by Smallishbeans
50%
Session 2

Smallishbeans

was slain by Etho
50%
Session 1

SolidarityGaming

died
50%
Session 2

SolidarityGaming

was slain by Smajor1995
50%
Session 8

Etho

was impaled on a stalagmite
50%
Session 2

BdoubleO100

died
25%
Session 2

BdoubleO100

died
25%
Session 3

BdoubleO100

was slain by Wolf
25%
Session 3

bigbst4tz2

hit the ground too hard
25%
Session 4

bigbst4tz2

blew up
25%
Session 6

bigbst4tz2

blew up
25%
Session 2

Etho

died
25%
Session 4

Etho

blew up
25%
Session 6

Etho

blew up
25%
Session 3

GeminiTay

hit the ground too hard
25%
Session 7

GeminiTay

blew up
25%
Session 5

GoodTimeWithScar

was blown up by Creeper
25%
Session 5

GoodTimeWithScar

blew up
25%
Session 6

GoodTimeWithScar

blew up
25%
Session 3

Grian

blew up
25%
Session 6

Grian

blew up
25%
Session 3

impulseSV

hit the ground too hard
25%
Session 5

impulseSV

blew up
25%
Session 8

impulseSV

blew up
25%
Session 3

InTheLittleWood

hit the ground too hard
25%
Session 3

InTheLittleWood

was slain by Enderman
25%
Session 3

PearlescentMoon

hit the ground too hard
25%
Session 7

PearlescentMoon

blew up
25%
Session 7

PearlescentMoon

was impaled on a stalagmite
25%
Session 2

Renthedog

died
25%
Session 3

Renthedog

hit the ground too hard
25%
Session 4

Renthedog

hit the ground too hard
25%
Session 2

Skizzleman

died
25%
Session 3

Skizzleman

hit the ground too hard
25%
Session 3

Skizzleman

hit the ground too hard
25%
Session 4

Smajor1995

blew up
25%
Session 8

Smajor1995

was doomed to fall by InTheLittleWood
25%
Session 3

Smallishbeans

hit the ground too hard
25%
Session 4

Smallishbeans

was slain by Smajor1995
25%
Session 3

SolidarityGaming

hit the ground too hard
25%
Session 2

Tango

was slain by Grian
25%
Session 3

Tango

hit the ground too hard
25%
Session 5

Tango

was squashed by a falling anvil
25%
Session 3

ZombieCleo

hit the ground too hard
25%
Session 6

ZombieCleo

blew up
25%
Session 7

ZombieCleo

fell from a high place
25%
Session 4

BdoubleO100

blew up
25%
Session 8

bigbst4tz2

burned to death
25%
Session 7

Etho

was impaled on a stalagmite
25%
Session 8

GeminiTay

was impaled on a stalagmite
25%
Session 8

GoodTimeWithScar

was impaled on a stalagmite while fighting InTheLittleWood
25%
Session 7

Grian

blew up
25%
Session 8

impulseSV

blew up
25%
Session 3

InTheLittleWood

blew up
25%
Session 7

PearlescentMoon

fell from a high place
25%
Session 5

Renthedog

blew up
25%
Session 4

Skizzleman

blew up
25%
Session 8

Smajor1995

was doomed to fall by impulseSV
25%
Session 5

Smallishbeans

blew up
25%
Session 4

SolidarityGaming

blew up
25%
Session 5

Tango

withered away
25%
Session 8

ZombieCleo

blew up
25%
Session 8

BdoubleO100

was impaled on a stalagmite while fighting InTheLittleWood
25%
Session 8

bigbst4tz2

was doomed to fall by Smajor1995
25%
Session 8

Etho

was impaled on a stalagmite
25%
Session 8

GeminiTay

was slain by GoodTimeWithScar
25%
Session 8

GoodTimeWithScar

was slain by Grian
25%
Session 8

Grian

was slain by Husk
25%
Session 8

impulseSV

was slain by InTheLittleWood
25%
Session 5

InTheLittleWood

blew up
25%
Session 7

PearlescentMoon

blew up
25%
Session 5

Renthedog

blew up
25%
Session 8

Skizzleman

fell from a high place
25%
Session 8

Smajor1995

was doomed to fall by Grian
25%
Session 8

Smallishbeans

was blown up by Smallishbeans
25%
Session 5

SolidarityGaming

blew up
25%
Session 5

Tango

was struck by lightning
25%
Session 8

ZombieCleo

was slain by InTheLittleWood
25%
Session 8

BdoubleO100

was slain by ZombieCleo
25%
Session 8

bigbst4tz2

was slain by BdoubleO100
25%
Session 8

GeminiTay

was doomed to fall by Grian
25%
Session 8

GoodTimeWithScar

was blown up by Smajor1995
25%
Session 8

Grian

was slain by InTheLittleWood
25%
Session 8

impulseSV

was slain by Smajor1995
25%
Session 8

InTheLittleWood

was impaled on a stalagmite
25%
Session 7

PearlescentMoon

was shot by SolidarityGaming
25%
Session 7

Renthedog

blew up
25%
Session 8

Skizzleman

was slain by Grian
25%
Session 8

Smajor1995

was doomed to fall by InTheLittleWood
25%
Session 8

Smallishbeans

was shot by Grian
25%
Session 8

SolidarityGaming

was doomed to fall by GeminiTay
25%
Session 5

Tango

was blown up by Creeper
25%
Session 8

ZombieCleo

was impaled on a stalagmite
25%
No matching quizzes found
Score Distribution
Percent of People with Each Score
Percentile by Number Answered
Your Score History
You have not taken this quiz